| 000 | 01095nam a2200289 i 4500 | ||
|---|---|---|---|
| 001 | bg | ||
| 946 | _c70,00 | ||
| 245 | 0 | 0 |
_aFormat MARC 21 rekordu bibliograficznego wraz z zasobem : _badaptacja dla systemu MAK : wersja 2008 / _coprac. Agnieszka Brachfogel, Zofia Żurawiäska ; współpr. Bożena Bartoszewicz-Fabiańska, Paulina Czyżewicz. |
| 246 | 1 | 8 | _iMARC 21 : adaptacja dla systemu MAK |
| 260 |
_aWarszawa : _bBiblioteka Narodowa, _c2008. |
||
| 300 |
_aSkoroszyt ; _c27 cm. |
||
| 500 | _aTyt. grzb.: MARC 21 : adaptacja dla systemu MAK. | ||
| 504 | _aBibliogr. | ||
| 650 | 9 |
_aZbiory biblioteczne _xorganizacja _xkomputeryzacja _zPolska |
|
| 650 | 9 |
_aMARC _zPolska |
|
| 655 | _aInstrukcje | ||
| 700 | 1 |
_aBrachfogel, Agnieszka. _eOprac. |
|
| 700 | 1 |
_aŻurawińska, Zofia. _eOprac. |
|
| 700 | 1 | _aBartoszewicz-Fabiańska, Bożena. | |
| 700 | 1 | _aCzyżewicz, Paulina. | |
| 020 | _a9788370096335 | ||
| 040 | _cBPK | ||
| 041 | 0 | _apol | |
| 044 | _aPOL | ||
| 942 | _cKA | ||
| 008 | s pl f |000 0 pol | ||
| 999 |
_c49160 _d49160 |
||
| 856 |
_uhttp://koha.tu.koszalin.pl/cgi-bin/koha/opac-detail.pl?biblionumber=49160 _yKatalog online BPK |
||